000
00291nam a22001457a 4500
003
SGT
082
_a
615.58
_b
H11C
100
_a
CCRH
245
_a
HOMOEOPATHIC DRUG PROVINGS
260
_a
DELHI
_b
CCRH
_c
2011
300
_a
49
650
_a
HOMOEOPATHIC
653
_a
DRUG
942
_2
ddc
_c
BK
999
_c
18191
_d
18191